00746nac a22002051u 4500020001500000082001800015090001500033100003400048245012900082260005000211300002600261500002600287511002600313650001900339700002500358700001600383942002000399999001500419952010600434 a8120327276 a621.4021bPAU c9743d9743 a20080729  aMchanical sciences:bEngineering thermodynamics and fluid mechanics:cAkshoy Ranjan Paul, Sanchayan Mukherjee and Pijush Roy aNew Delhi:bPrentice Hall of India,2005c2005 a587p.:bill.;c22 cm. adistributer: Al-Ahram acatalogued by: wessam aThermodynamics aMukherjee, Sanchayan aRoy, Pijush cBBk621.4021PAU c9743d9743 00104070aMAINbMAINc1STd2008-06-02ePurchasel0o621.4021PAUp000011596r2025-07-15 00:00:00yBB